Belgique : villes de plus de 50 000 habitants en Flandre - Statistiques

Statistiques générales
  • Ce quiz a été pris 23 fois
  • Le résultat moyen est 8 sur 12
Statistiques - réponses
Classement Rang national Population Province Nom de la commune % Correct
1 1 529 000 Anvers Anvers
100%
3 8 118 000 Flandre-Occidentale Bruges
95%
2 2 263 000 Flandre-Orientale Gand
95%
4 10 101 000 Brabant Flamand Louvain
82%
10 21 71 000 Flandre-Occidentale Ostende
77%
11 23 66 000 Limbourg Genk
73%
8 19 79 000 Limbourg Hasselt
68%
9 20 77 000 Flandre-Occidentale Courtrai
64%
6 15 86 000 Anvers Malines
55%
7 18 79 000 Flandre-Orientale Sint-Niklaas
50%
5 13 87 000 Flandre-Orientale Alost
32%
12 25 63 000 Flandre-Occidentale Roulers
27%
Aucun quiz correspondant
Distribution des résultats
% des personnes avec chaque résultat
Percentile par nombre de réponses
Votre historique - résultats
Vous n’avez pas pris ce quiz